000 00984nam a2200313Ia 4500
003 OSt
005 20221007121144.0
006 a|||||r|||| 00| 0
007 ta
008 221006b |||||||| |||| 00| 0 eng d
020 _a9781926686660 (hbk)
024 _a162351
037 _b1456, 15/11/2011, Ashutosh Technical Books
_cTextual
040 _aBDL
_cBDL
_beng
041 _2eng
_aeng
082 _aI:2-3, Q0 Carb
100 _aKlein Jonathon Ed.
_9710833
245 0 _aPlant anatomy & physiology
260 _aCanada
_bApple academic press
_c2010
300 _a320p.
_ccm.
500 _aInclude bibliographical references; Index 312-320p
650 _a Physiology
650 _a Plant anatomy
_9710455
650 _a Plant breeding
650 _a Plant growth and development
_9710683
650 _aBotany
942 _hI:2-3, Q0 Carb
_cTEXL
_2CC
999 _c1208499
_d1208499